Normal view
MARC view
- Refugees
Entry Topical Term
001 - CONTROL NUMBER
- control field: 94360
003 - CONTROL NUMBER IDENTIFIER
- control field: NUST
005 - DATE AND TIME OF LATEST TRANSACTION
- control field: 20220721123430.0
008 - FIXED-LENGTH DATA ELEMENTS
- fixed length control field: 220721|| aca||aabn | a|a d
040 ## - CATALOGING SOURCE
- Original cataloging agency: NUST
- Transcribing agency: NUST
150 ## - HEADING--TOPICAL TERM
- Topical term or geographic name entry element: Refugees
- General subdivision: Legal status, laws, etc
670 ## - SOURCE DATA FOUND
- Source citation: Work cat.: (NUST)0: Foster, Michelle, 1972- 94358, International refugee law and socio-economic rights :, 2009.
